000 00301nam a22001337a 4500
008 181221b xxu||||| |||| 00| 0 eng d
020 _a9780781780230
041 _aeng
080 _26th
_a610.73
100 _a2
101 _aINF
245 _aFundamentals of Nursing
_cCraven,R.F
942 _2udc
_cBK
999 _c53674
_d53674